000 00313nam a22001457a 4500
008 221107b ||||| |||| 00| 0 eng d
020 _a2740371150390
041 _aeng
080 _a61
082 _a61 HAL
100 _a4
101 _aMJKS
245 _aDISASTER MENATL HEALTH
_cHALPERN J
942 _2udc
_cBK
999 _c58769
_d58769